AEW Full Gear 2024 Card - Statistics

General Stats
  • This quiz has been taken 40 times
  • The average score is 25 of 32
Answer Stats
Answer % Correct
Jack Perry
100%
Jon Moxley
100%
Orange Cassidy
100%
Daniel Garcia
97%
Mercedes Moné
97%
Adam Page
93%
Brody King
93%
Konosuke Takeshita
93%
Quen
93%
Ricochet
93%
Zay
93%
Kris Statlander
90%
Malakai Black
90%
Will Ospreay
87%
Jay White
83%
Kyle Fletcher
80%
Swerve Strickland
80%
Truth Magnum
80%
Turbo Floyd
80%
Bobby Lashley
77%
MJF
77%
Roderick Strong
77%
Anthony Bowens
73%
Max Caster
73%
Big Boom AJ
70%
QT Marshall
70%
Anna Jay
60%
Buddy Matthews
57%
The Beast Mortos
50%
Komander
47%
Deonna Purrazzo
43%
Dante Martin
37%
No matching quizzes found
Score Distribution
Percent of People with Each Score
Percentile by Number Answered
Your Score History
You have not taken this quiz